| 000 | 00990nam a2200253Ia 4500 | ||
|---|---|---|---|
| 003 | IN-BaIIA | ||
| 008 | 211028s9999 xx 000 0 eng d | ||
| 020 | _a0-7923-4803-6 | ||
| 040 | _cIIA Library | ||
| 080 |
_a082.2:52 _bIAU-S179 |
||
| 111 |
_aSymposium of the International Astronomical Union _n179th _cUSA _d1996 Aug. 26-30 _921757 |
||
| 245 | 0 |
_aNew horizons from multiwavelength sky survey _bproceedings of the 179th symposium of the IAU held in Baltimore, USA, 26-30 August 1996 _cedited by Brian. J. McLean…[et al.] |
|
| 260 |
_aDordrecht _bKluwer Academic _c1998 |
||
| 300 | _axxx, 508p. | ||
| 490 | _aIAU symposium; no. 179 | ||
| 650 |
_aGalactic astronomy _96041 |
||
| 650 |
_aSky-surveys _91313 |
||
| 650 |
_aWavelength _921758 |
||
| 700 |
_aGolombek, Daniel A., ed. _921759 |
||
| 700 |
_aHayes, Jeffrey J., ed. _921760 |
||
| 700 |
_aMcLean, Brian. J., ed. _921761 |
||
| 710 | _aInternational Astronomical Union | ||
| 942 | _cBK | ||
| 999 |
_c12434 _d12434 |
||